[Event "Hastings Masters op 98th"]
[Site "Hastings"]
[Date "2024.12.30"]
[Round "4"]
[White "Balaji, Aaravamudhan"]
[Black "Wall, Tim"]
[Result "1-0"]
[WhiteElo "2364"]
[BlackElo "2173"]
[PlyCount "55"]
[EventDate "2024.12.28"]
[EventType "swiss"]
[EventRounds "9"]
[EventCountry "ENG"]
[SourceTitle "CB02_2025"]
[SourceDate "2025.01.08"]
[SourceVersion "1"]
[SourceVersionDate "2025.01.08"]
[SourceQuality "1"]

1. d4 Nf6 2. c4 c5 3. d5 b5 4. cxb5 a6 5. bxa6 e6 6. dxe6 fxe6 7. g3 d5 8. Bg2 Nc6 9. Nh3 Be7 10. 0-0 0-0 11. Nc3 Bxa6 12. Re1 Qb6 13. Nf4 Ne5 14. b3 Rad8 15. Na4 Qc6 16. Bb2 Neg4 17. h3 Nh6 18. Qc2 Ne4 19. Nc3 Nxf2 20. e3 Rxf4 21. exf4 Nd3 22. Red1 Nxb2 23. Qxb2 Bf6 24. Rac1 Nf5 25. Kh2 Nd4 26. Qf2 Qd6 27. Na4 Rc8 28. b4 1-0